E business is your business (Record no. 69719)

MARC details
000 -LEADER
fixed length control field 01114cam a2200217 4500
001 - CONTROL NUMBER
control field WB3809-17
008 - FIXED-LENGTH DATA ELEMENTS--GENERAL INFORMATION
fixed length control field 020306n2002 000 0 eng u
035 ## - SYSTEM CONTROL NUMBER
System control number (Sirsi) u117029
245 ## - TITLE STATEMENT
Title E business is your business
260 ## - PUBLICATION, DISTRIBUTION, ETC.
Date of publication, distribution, etc. 2002
490 ## - SERIES STATEMENT
Series statement RICS Management Consultancy Faculty News
Volume/sequential designation 4 March 2002 (1)
520 ## - SUMMARY, ETC.
Summary, etc. Minister for E-commerce urges the minerals and construction industry to embrace the IT revolution. Speaking at the launch of an industry wide E-commerce Impact Assessment report (IAR), he highlighted the positive impact of e-commerce in allowing companies to compete in global markets. The IAR is one aspect of a wide-ranging DTI programme examining the use of E-commerce in a range of industries across the UK. http://www.ukonlineforbusiness.gov.uk/gateway/home/index.jsp For further information contact Nicholas Cole +44 (0) 20 7334 3703 or [email protected]
590 ## - LOCAL NOTE (RLIN)
Local note WB
650 ## - SUBJECT ADDED ENTRY--TOPICAL TERM
Topical term or geographic name entry element E-COMMERCE
650 ## - SUBJECT ADDED ENTRY--TOPICAL TERM
Topical term or geographic name entry element GLOBAL MARKET
650 ## - SUBJECT ADDED ENTRY--TOPICAL TERM
Topical term or geographic name entry element DTI
650 ## - SUBJECT ADDED ENTRY--TOPICAL TERM
Topical term or geographic name entry element CONSTRUCTION INDUSTRY
650 ## - SUBJECT ADDED ENTRY--TOPICAL TERM
Topical term or geographic name entry element MINERALS INDUSTRY
690 ## - LOCAL SUBJECT ADDED ENTRY--TOPICAL TERM (OCLC, RLIN)
Topical term or geographic name as entry element INFORMATION TECHNOLOGY-INTERNET
942 ## - ADDED ENTRY ELEMENTS (KOHA)
Suppress in OPAC 0
Holdings
Withdrawn status Lost status Source of classification or shelving scheme Damaged status Not for loan Home library Current library Shelving location Date acquired Total Checkouts Full call number Barcode Date last seen Copy number Price effective from Koha item type
    Dewey Decimal Classification     London London News article 06/03/2002   WB3809-17 117029-1001 06/08/2019 1 06/08/2019 News article